000
00222nam a22000977a 4500
999
_c
16238
_d
16238
003
OSt
008
200625b ||||| |||| 00| 0 eng d
100
_a
M aroor Manushegaran
_9
4637
245
_a
Laghu niroopanangal
942
_c
BK